000 00437nam a2200181Ia 4500
008 090124s9999 xx 000 0 und d
082 _b101452
100 _aसाठे शंकर
245 _a काजवे
250 _a1
260 _c1937
300 _a96
600 _aसाठे शंकर
630 _a काजवे
700 _aसाठे शंकर
730 _a काजवे
942 _cBOOK
999 _c147544
_d147544